|
|
|
|
| LEADER |
00000nas a2200000 i 4500 |
| 001 |
ssj0000495953 |
| 003 |
WaSeSS |
| 005 |
20200512172242.0 |
| 006 |
m d |
| 007 |
cr n |
| 008 |
090603c20109999bl fr p s 0 0por c |
| 010 |
|
|
|a 2012233060
|
| 022 |
|
|
|a 2178-5198
|l 2178-5198
|
| 035 |
|
|
|a (WaSeSS)ssj0000495953
|
| 040 |
|
|
|a IL4I4
|b eng
|e pn
|c IL4I4
|d GUA
|d CUS
|d OCLCF
|d CUS
|d OCLCO
|d IXA
|d OCL
|d CUD
|d OCLCO
|d OCLCA
|d WaSeSS
|
| 041 |
0 |
|
|a por
|a eng
|
| 042 |
|
|
|a pcc
|
| 043 |
|
|
|a s-bl---
|
| 210 |
1 |
|
|a Acta Sci. Educ.
|b (Online)
|
| 222 |
|
0 |
|a Acta Scientiarum. Education
|b (Online)
|
| 245 |
0 |
0 |
|a Acta scientiarum.
|p Education
|h [electronic resource].
|
| 246 |
1 |
|
|a Education
|
| 260 |
|
|
|a Maringá, Paraná, Brasil :
|b Universidade Estadual de Maringa-Eduem
|
| 310 |
|
|
|a Semiannual
|
| 362 |
1 |
|
|a Began with Volume 32, number 1 (Jan.-June 2010).
|
| 506 |
|
|
|a License restrictions may limit access.
|
| 546 |
|
|
|a In Portuguese and English; abstracts in both languages.
|
| 588 |
|
|
|a Description based on: Volume 32, number 1 (Jan.-June 2010); title from HTML header (publisher's Web site, viewed Dec. 3, 2014).
|
| 588 |
|
|
|a Latest issue consulted: Volume 37, number 1 (Jan.-Mar. 2015) (viewed Dec. 3, 2014).
|
| 650 |
|
0 |
|a Education
|v Periodicals.
|
| 650 |
|
0 |
|a Education
|z Brazil
|v Periodicals.
|
| 650 |
|
0 |
|a Teaching
|v Periodicals.
|
| 650 |
|
0 |
|a Teaching
|z Brazil
|v Periodicals.
|
| 650 |
|
7 |
|a Education.
|2 fast
|0 (OCoLC)fst00902499
|
| 650 |
|
7 |
|a Teaching.
|2 fast
|0 (OCoLC)fst01144565
|
| 651 |
|
7 |
|a Brazil.
|2 fast
|0 (OCoLC)fst01206830
|
| 655 |
|
0 |
|a Electronic journals.
|
| 710 |
2 |
|
|a Universidade Estadual de Maringá.
|
| 856 |
4 |
0 |
|z Full text available from Research Library: 01/01/2015 to present
|u https://search.proquest.com/publication/2037656
|